Investičná atraktívnosť ekonomiky Slovenskej republiky
Zhodnotenie vývoja atraktívnosti Slovenskej republiky od éry jej samostatnosti pre zahraničných investorov, až po súčasnosť. Analýza spokojnosti vybraných zahraničných investorov, ktorí by mal tiež priniesť zhodnotenie súčasného stavu atraktívnosti našej ekonomiky.
Guardado en:
| Autor principal: | |
|---|---|
| Formato: | Capítulo de libro |
| Lenguaje: | eslovaco |
| Materias: | |
| Etiquetas: |
Sin Etiquetas, Sea el primero en etiquetar este registro!
|
MARC
| LEADER | 00000naa a2200000 4500 | ||
|---|---|---|---|
| 001 | 0212421 | ||
| 005 | 20220725101104.5 | ||
| 041 | 0 | |a slo | |
| 044 | |a SK | ||
| 245 | 1 | 0 | |a Investičná atraktívnosť ekonomiky Slovenskej republiky |c Marek Ondrejček |
| 520 | |a Zhodnotenie vývoja atraktívnosti Slovenskej republiky od éry jej samostatnosti pre zahraničných investorov, až po súčasnosť. Analýza spokojnosti vybraných zahraničných investorov, ktorí by mal tiež priniesť zhodnotenie súčasného stavu atraktívnosti našej ekonomiky. | ||
| 610 | 2 | 0 | |a konkurencieschopnosť |
| 610 | 2 | 0 | |a Slovensko |
| 610 | 2 | 0 | |a efektívnosť investícií ekonomická |
| 610 | 2 | 0 | |a investície priame zahraničné |
| 610 | 2 | 0 | |a politika regionálna |
| 610 | 2 | 0 | |a prostredie ekonomické |
| 100 | 1 | |a Ondrejček, Marek | |